Statistics for Countries Closest to Yugoslavia - 30 Second Sprint

Click here to take the quiz!

General Stats

  • This quiz has been taken 39 times
  • The average score is 10 of 20

Answer Stats

kmcountrymiles% Correct
0Austria0
80%
0Greece0
77%
0Romania0
77%
0Bulgaria0
74%
0Hungary0
74%
0Italy0
74%
0Albania0
66%
118Germany73
60%
284USSR176
49%
189Czechoslovakia118
46%
337Poland204
43%
224Switzerland139
43%
268Turkey167
43%
141San Marino87
37%
405France252
31%
298Liechtenstein185
29%
311Vatican City193
23%
513Monaco319
14%
669Belgium416
9%
634Luxembourg394
6%

Score Distribution

Percentile by Number Answered

Percent of People with Each Score

Your Score History

You have not taken this quiz